000 00726nam a2200289Ia 4500
005 20260324140257.0
008 008 260324s9999 xx 000 0 eng d
020 _a9781315050058
037 _aEBOOK
040 _aCRL
040 _beng
040 _cCRL
041 _2eng
041 _aeng
084 _qCRL
100 _aJanice M. Alberghene; Beverly Lyon Clark
_91203783
245 0 _aLITTLE WOMEN and THE FEMINIST IMAGINATION
245 0 _bCriticism, Controversy, Personal Essays
260 _bTaylor and Francis
260 _c1999
365 _a
365 _b255
856 _uhttp://www.taylorfrancis.com/books/9781315050058
942 _cEBOOK
999 _c1805696
_d1805696